[Event "Fuerstenfeld U18 op 6th"]
[Site "Fuerstenfeld"]
[Date "2023.07.23"]
[Round "7"]
[White "Rella, Mario"]
[Black "Vinogradov, Ilia"]
[Result "1-0"]
[WhiteElo "1394"]
[BlackElo "1470"]
[PlyCount "55"]
[EventDate "2023.07.20"]
[EventType "swiss"]
[EventRounds "7"]
[EventCountry "AUT"]
[SourceTitle "CBM 215 Extra"]
[Source "ChessBase"]
[SourceDate "2023.09.30"]
[SourceVersion "1"]
[SourceVersionDate "2023.09.30"]
[SourceQuality "1"]

1. e4 c5 2. Nf3 d6 3. d4 cxd4 4. Nxd4 Nf6 5. Nc3 g6 6. f4 Bg7 7. Bc4 Nc6 8. Nxc6 bxc6 9. Bb3 Ba6 10. Be3 e6 11. Qd2 0-0 12. 0-0-0 d5 13. e5 Nd7 14. Na4 Qc7 15. Nc5 Nxc5 16. Bxc5 Rfc8 17. h4 Bb5 18. g4 Bf8 19. Bxf8 Rxf8 20. Rde1 c5 21. c3 a5 22. f5 a4 23. f6 Kh8 24. Qh6 Rg8 25. Bc2 d4 26. h5 d3 27. hxg6 fxg6 28. Qxh7+ 1-0

[Event "GER-chT U12"]
[Site "Muenchen"]
[Date "2022.12.27"]
[Round "2"]
[White "Vinogradov, Ilia"]
[Black "Cao, Yuanshu"]
[Result "0-1"]
[WhiteElo "1358"]
[BlackElo "1489"]
[PlyCount "52"]
[EventDate "2022.12.26"]
[EventType "team-swiss"]
[EventRounds "7"]
[EventCountry "GER"]
[SourceTitle "CBM 212 Extra"]
[Source "ChessBase"]
[SourceDate "2023.03.31"]
[SourceVersion "1"]
[SourceVersionDate "2023.03.31"]
[SourceQuality "1"]
[WhiteTeam "Walldorf"]
[BlackTeam "Paderborn Akademie"]
[WhiteTeamCountry "GER"]
[BlackTeamCountry "GER"]

1. e4 e6 2. d4 d5 3. e5 c5 4. c3 Qb6 5. Be2 Nc6 6. Nf3 cxd4 7. cxd4 Nh6 8. Bxh6 Qxb2 9. Nbd2 gxh6 10. 0-0 Nxd4 11. Qa4+ Nc6 12. Bb5 Bd7 13. Rfc1 Qa3 14. Qc2 Bg7 15. Bxc6 bxc6 16. Rab1 0-0 17. Rb7 Rfd8 18. Rcb1 c5 19. Rc7 c4 20. Rbb7 Qa4 21. Qxa4 Bxa4 22. Rxf7 Bh8 23. Rbc7 Rac8 24. Nb1 Bc2 25. Rb7 Bxb1 26. Rxh7 Bxh7 0-1

[Event "Heusenstamm Sparkassen op U14 7th"]
[Site "Heusenstamm"]
[Date "2021.11.21"]
[Round "5.7"]
[White "Vinogradov, Ilia"]
[Black "Dorfner, Jeremias"]
[Result "1/2-1/2"]
[WhiteElo "1177"]
[BlackElo "1198"]
[PlyCount "80"]
[EventDate "2021.11.19"]
[EventType "swiss"]
[EventRounds "7"]
[EventCountry "GER"]
[SourceTitle "EXT 2023"]
[Source "ChessBase"]
[SourceDate "2022.10.05"]
[SourceVersion "1"]
[SourceVersionDate "2022.10.05"]
[SourceQuality "1"]

1. e4 e5 2. Nf3 Nc6 3. Bc4 Bc5 4. d3 h6 5. Nc3 Nf6 6. Be3 Bb6 7. h3 d6 8. Qd2 Be6 9. Bb3 Qd7 10. 0-0 Ne7 11. d4 exd4 12. Nxd4 Ng6 13. f4 Bxb3 14. Nxb3 0-0-0 15. Bxb6 axb6 16. a4 c6 17. a5 bxa5 18. Nxa5 Kc7 19. Na4 Nxe4 20. Qb4 b5 21. Qxe4 bxa4 22. Rxa4 Ra8 23. b4 Rhe8 24. Qc4 Reb8 25. Rb1 Rb5 26. Qb3 d5 27. Qc3 f6 28. Nxc6 Qxc6 29. Qxc6+ Kxc6 30. Rxa8 Nxf4 31. Kf2 Kb7 32. Rg8 Ne6 33. Ke3 Kc6 34. Ra8 Kb7 35. Ra5 Kb6 36. Rxb5+ Kxb5 37. c3 Kc4 38. Kd2 Nc7 39. g4 Nb5 40. Rc1 Nd6 1/2-1/2

[Event "Heusenstamm Sparkassen op U14 7th"]
[Site "Heusenstamm"]
[Date "2021.11.21"]
[Round "7.11"]
[White "Vinogradov, Ilia"]
[Black "Zargaran, Sepas"]
[Result "0-1"]
[WhiteElo "1177"]
[BlackElo "1038"]
[PlyCount "54"]
[EventDate "2021.11.19"]
[EventType "swiss"]
[EventRounds "7"]
[EventCountry "GER"]
[SourceTitle "EXT 2023"]
[Source "ChessBase"]
[SourceDate "2022.10.05"]
[SourceVersion "1"]
[SourceVersionDate "2022.10.05"]
[SourceQuality "1"]

1. e4 e5 2. Nf3 Nf6 3. Nxe5 Nxe4 4. Qe2 Qe7 5. Qxe4 d6 6. d4 dxe5 7. dxe5 Nc6 8. Bb5 Bd7 9. Nc3 Nxe5 10. 0-0 0-0-0 11. f4 Bxb5 12. Nxb5 Qc5+ 13. Kh1 Qxb5 14. Qf5+ Qd7 15. Qxe5 Qd1 16. Be3 Qd6 17. Qc3 a6 18. a3 Qd5 19. b4 Be7 20. a4 Bf6 21. Qa3 Bxa1 22. Rxa1 Rhe8 23. Rc1 Re4 24. b5 Rde8 25. Re1 Rxe3 26. Rxe3 Qd1+ 27. Re1 Qxe1# 0-1

[Event "Heusenstamm Sparkassen op U14 7th"]
[Site "Heusenstamm"]
[Date "2021.11.20"]
[Round "2.8"]
[White "Schwab, Florentin"]
[Black "Vinogradov, Ilia"]
[Result "0-1"]
[WhiteElo "947"]
[BlackElo "1177"]
[PlyCount "38"]
[EventDate "2021.11.19"]
[EventType "swiss"]
[EventRounds "7"]
[EventCountry "GER"]
[SourceTitle "EXT 2023"]
[Source "ChessBase"]
[SourceDate "2022.10.05"]
[SourceVersion "1"]
[SourceVersionDate "2022.10.05"]
[SourceQuality "1"]

1. e4 e5 2. Nf3 Nc6 3. Bb5 a6 4. Ba4 Nf6 5. d3 b5 6. Bb3 Be7 7. c3 d5 8. Qe2 dxe4 9. dxe4 Bg4 10. h3 Bh5 11. 0-0 g5 12. Rd1 Qc8 13. Nbd2 g4 14. Ne1 gxh3 15. f3 hxg2 16. Nxg2 Rg8 17. Kf2 Bc5+ 18. Kf1 Qh3 19. Bc2 Qh1# 0-1

[Event "GER-ch U10"]
[Site "Willingen"]
[Date "2021.08.29"]
[Round "11"]
[White "Seth, Aakrit"]
[Black "Vinogradov, Ilia"]
[Result "1-0"]
[WhiteElo "1330"]
[BlackElo "1217"]
[PlyCount "59"]
[EventDate "2021.08.22"]
[EventType "swiss"]
[EventRounds "11"]
[EventCountry "GER"]
[SourceTitle "EXT 2022"]
[Source "ChessBase"]
[SourceDate "2021.10.06"]
[SourceVersion "1"]
[SourceVersionDate "2021.10.06"]
[SourceQuality "1"]

1. d4 Nf6 2. Bf4 e6 3. e3 d5 4. Nf3 c5 5. Nbd2 Nc6 6. h3 h5 7. c3 Bd6 8. dxc5 Bxc5 9. Bd3 Qe7 10. 0-0 e5 11. Bg5 e4 12. Bxf6 gxf6 13. Bb5 exf3 14. Nxf3 Qd6 15. b4 Bb6 16. a3 Rg8 17. Kh1 Bc7 18. Qd2 Rh8 19. Rad1 Be6 20. c4 0-0-0 21. c5 Qf8 22. Bxc6 bxc6 23. Nd4 Bd7 24. Qd3 Re8 25. Qa6+ Kd8 26. Nxc6+ Bxc6 27. Qxc6 Kc8 28. Qa6+ Kb8 29. c6 Bb6 30. Qb7# 1-0

[Event "GER-ch U10"]
[Site "Willingen"]
[Date "2021.08.28"]
[Round "9"]
[White "Vinogradov, Ilia"]
[Black "Gulamzada, Elmir"]
[Result "1-0"]
[WhiteElo "1217"]
[BlackElo "1342"]
[PlyCount "59"]
[EventDate "2021.08.22"]
[EventType "swiss"]
[EventRounds "11"]
[EventCountry "GER"]
[SourceTitle "EXT 2022"]
[Source "ChessBase"]
[SourceDate "2021.10.06"]
[SourceVersion "1"]
[SourceVersionDate "2021.10.06"]
[SourceQuality "1"]

1. e4 e6 2. d4 d5 3. exd5 exd5 4. Nc3 Nf6 5. Bg5 Be7 6. Nf3 h6 7. Bh4 Be6 8. Bd3 Nc6 9. 0-0 0-0 10. h3 Qd7 11. Re1 Rfe8 12. Qd2 Bf5 13. a3 Bxd3 14. Qxd3 Rad8 15. Rad1 a6 16. Ne5 Qd6 17. Qf5 Qe6 18. Qf3 Nxe5 19. Rxe5 Qb6 20. Bxf6 Bxf6 21. Nxd5 Qxb2 22. Nxf6+ gxf6 23. Qxf6 Qxc2 24. Rde1 Rf8 25. R1e3 Kh7 26. Rg3 Rg8 27. Qxf7+ Kh8 28. Qf6+ Kh7 29. Re7+ Rg7 30. Qxg7# 1-0

[Event "GER-ch U10"]
[Site "Willingen"]
[Date "2021.08.24"]
[Round "4"]
[White "Vinogradov, Ilia"]
[Black "Wang, Kaiwen"]
[Result "0-1"]
[WhiteElo "1217"]
[BlackElo "1068"]
[PlyCount "56"]
[EventDate "2021.08.22"]
[EventType "swiss"]
[EventRounds "11"]
[EventCountry "GER"]
[SourceTitle "EXT 2022"]
[Source "ChessBase"]
[SourceDate "2021.10.06"]
[SourceVersion "1"]
[SourceVersionDate "2021.10.06"]
[SourceQuality "1"]

1. e4 e5 2. Nf3 Nc6 3. Bc4 Bc5 4. 0-0 Nf6 5. Nc3 d6 6. h3 h6 7. d3 g5 8. Be3 Bb6 9. Nd2 g4 10. hxg4 Bxg4 11. Qe1 Nd4 12. Bb3 Rg8 13. f3 Bh3 14. Rf2 Qd7 15. Kh1 Nh5 16. g4 Bxg4 17. fxg4 Qxg4 18. Bxf7+ Kd7 19. Bxg8 Rxg8 20. Qd1 Qh3+ 21. Rh2 Ng3+ 22. Kg1 Nde2+ 23. Kf2 Qxh2+ 24. Ke1 Bxe3 25. Qxe2 Nxe2 26. Nxe2 Rg1+ 27. Nxg1 Qxd2+ 28. Kf1 Qf2# 0-1

[Event "GER-ch U10"]
[Site "Willingen"]
[Date "2021.08.23"]
[Round "1"]
[White "Peglau, Paul David"]
[Black "Vinogradov, Ilia"]
[Result "1/2-1/2"]
[WhiteElo "1365"]
[BlackElo "1217"]
[PlyCount "60"]
[EventDate "2021.08.22"]
[EventType "swiss"]
[EventRounds "11"]
[EventCountry "GER"]
[SourceTitle "EXT 2022"]
[Source "ChessBase"]
[SourceDate "2021.10.06"]
[SourceVersion "1"]
[SourceVersionDate "2021.10.06"]
[SourceQuality "1"]

1. e4 e5 2. Nf3 Nc6 3. Bc4 Bc5 4. d3 h6 5. Be3 Bb6 6. 0-0 Nf6 7. Nc3 0-0 8. a3 d6 9. h3 Be6 10. Nd5 Re8 11. Qd2 Kh7 12. b4 Nd4 13. Nxd4 Bxd4 14. Bxd4 exd4 15. f4 Nxd5 16. Bxd5 Bxd5 17. exd5 Qf6 18. Qf2 c5 19. Rab1 b6 20. Rbe1 Qf5 21. Qf3 Qd7 22. Qg4 Qa4 23. Qf5+ Kg8 24. bxc5 bxc5 25. g4 Qxc2 26. g5 hxg5 27. fxg5 Rxe1 28. Qxf7+ Kh8 29. Qh5+ Kg8 30. Qf7+ Kh8 1/2-1/2